Islamistischer Terrorismus - Eine Herausforderung für die internationale Staatengemeinschaft

Saved in:  
Bibliographic Details
Main Author: Peilert, Andreas (Author)
Format: Print Article
Language:German
Published: 2002
In: Die Polizei
Year: 2002, Volume: 93, Issue: 3, Pages: 61-70
Check availability: HBZ Gateway
Keywords:

MARC

LEADER 00000caa a22000002c 4500
001 1639232877
003 DE-627
005 20220608124456.0
007 tu
008 160223s2002 xx ||||| 00| ||ger c
035 |a (DE-627)1639232877 
035 |a (DE-576)455810532 
035 |a (DE-599)BSZ455810532 
040 |a DE-627  |b ger  |c DE-627  |e rakwb 
041 |a ger 
100 1 |a Peilert, Andreas  |4 aut 
109 |a Peilert, Andreas 
245 1 0 |a Islamistischer Terrorismus - Eine Herausforderung für die internationale Staatengemeinschaft  |c Andreas Peilert 
264 1 |c 2002 
336 |a Text  |b txt  |2 rdacontent 
337 |a ohne Hilfsmittel zu benutzen  |b n  |2 rdamedia 
338 |a Band  |b nc  |2 rdacarrier 
773 0 8 |i In  |t Die Polizei  |d Köln : Heymanns, 1904  |g 93(2002), 3, Seite 61-70  |w (DE-627)129504580  |w (DE-600)208957-9  |w (DE-576)014908077  |x 0032-3519  |7 nnas 
773 1 8 |g volume:93  |g year:2002  |g number:3  |g pages:61-70 
935 |a mkri 
951 |a AR 
ELC |b 1 
LOK |0 000 xxxxxcx a22 zn 4500 
LOK |0 001 3299630180 
LOK |0 003 DE-627 
LOK |0 004 1639232877 
LOK |0 005 20251008145001 
LOK |0 008 160208||||||||||||||||ger||||||| 
LOK |0 040   |a DE-21-110  |c DE-627  |d DE-21-110 
LOK |0 689   |a s  |a Terrorismus 
LOK |0 689   |a s  |a Islam 
LOK |0 852   |a DE-21-110 
LOK |0 852 1  |m p  |9 00 
LOK |0 935   |a k110 
LOK |0 938   |k p 
LOK |0 939   |a 08-02-16  |b l01 
ORI |a SA-MARC-krimdoka001.raw